| 000 | 00715cam a22002295a 4500 | ||
|---|---|---|---|
| 001 | 3769830 | ||
| 005 | 20180131105424.0 | ||
| 008 | 831128t1984 maua frb 001 0 eng d | ||
| 020 | _a0534031080 | ||
| 040 |
_aDLC _cDLC _dDLC _dEG-ScBUE _beng |
||
| 082 | 0 | 4 |
_a658.848 _222 _bJAI |
| 100 | 1 |
_aJain, Subhash C., _d1942- |
|
| 245 | 1 | 0 |
_aInternational marketing management / _cSubhash C. Jain. |
| 260 |
_aBoston : _bKent Pub. Co., _cc.1984. |
||
| 300 |
_axvi, 712 p. : _bill. ; _c25 cm. |
||
| 504 | _aIncludes bibliographical references and indexes. | ||
| 541 | _aDonation from David Kirby. | ||
| 650 | 7 |
_aExport marketing _xManagement. _2BUEsh |
|
| 651 | _2BUEsh | ||
| 653 |
_bGGEN _bBUSADM _cJanuary2018 |
||
| 942 | _2ddc | ||
| 999 |
_c26054 _d26026 |
||